Nociones de química mineral y orgánica / (Record no. 164096)

MARC details
000 -LEADER
campo de control de longitud fija 00891nam a22002055i 4500
001 - NÚMERO DE CONTROL
campo de control 164096
003 - IDENTIFICADOR DE NÚMERO DE CONTROL
campo de control ES-MaACL
005 - FECHA Y HORA DE LA ÚLTIMA TRANSACCIÓN
campo de control 20250815113046.0
008 - DATOS DE LONGITUD FIJA--INFORMACIÓN GENERAL
campo de control de longitud fija 050726s1888 sp a | |||||||| ||spa d
040 ## - FUENTE DE CATALOGACIÓN
Centro catalogador/agencia de origen CAM
Lengua de catalogación spa
Centro/agencia transcriptor CAM
100 1# - ENTRADA PRINCIPAL--NOMBRE DE PERSONA
Nombre de persona Rubio y Diaz, Vicente.
9 (RLIN) 222492
245 10 - MENCIÓN DEL TÍTULO
Título Nociones de química mineral y orgánica /
Mención de responsabilidad, etc. por Vicente Rubio y Diaz.
260 ## - PUBLICACIÓN, DISTRIBUCIÓN, ETC.
Lugar de publicación, distribución, etc. Cadiz :
Nombre del editor, distribuidor, etc. [s.n.],
Fecha de publicación, distribución, etc. 1888 (
Fabricante Imprenta y litografía de la Revista Médica)
300 ## - DESCRIPCIÓN FÍSICA
Extensión VIII, 413 p., XVI h. de lám. :
Otras características físicas il. ;
Dimensiones 19 cm.
599 ## - NOTA A LAS ILUSTRACIONES
NOTA A LAS ILUSTRACIONES Las XVI h. de lám. corresponden a "Caracteres principales por medio de los que se pueden reconocer el género y la especie de una sal"
650 #7 - PUNTO DE ACCESO ADICIONAL DE MATERIA--TÉRMINO DE MATERIA
Término de materia o nombre geográfico como elemento de entrada Química orgánica
Fuente del encabezamiento o término embne
9 (RLIN) 136799
752 ## - ENTRADA AGREGADA--NOMBRE JERÁRQUICO DEL LUGAR
País o entidad superior España -
Ciudad Cádiz
852 ## - LOCALIZACIÓN
Ubicación ES-MaACL
Número de control de estantería F-5884
Nota libre -- Enc. pasta española
-- -- Dedic. ms. del autor a la Biblioteca del Ateneo de Madrid
Holdings
Estatus retirado Estado de pérdida Estado de daño No para préstamo Colección Biblioteca de origen Biblioteca actual Ubicación en estantería Fecha de adquisición Fuente de adquisición Total de préstamos Signatura topográfica completa Código de barras Visto por última vez Precio de reemplazo Tipo de ítem Koha
        Libros del s. XIX Biblioteca del Ateneo de Madrid Biblioteca del Ateneo de Madrid Depósito 2 17/01/2008     F-5884 1171982 23/02/2023 23/02/2023 Libro impreso antiguo